[Event "CAN-ch w"]
[Site "Toronto CAN"]
[Date "2025.04.20"]
[Round "6.9"]
[White "Xiao, Stephanie"]
[Black "Starr, Nava"]
[Result "0-1"]
[WhiteElo "1405"]
[BlackElo "2048"]
[WhiteFideId "-1"]
[WhiteFideId "-1"]
[PlyCount "90"]
[GameId "2171688084823586"]
[EventDate "2025.04.17"]
[EventType "swiss"]
[EventRounds "9"]
[EventCountry "CAN"]

1. e4 e5 2. Nf3 d6 3. d4 exd4 4. Nxd4 g6 5. Nc3 Bg7 6. Be3 Ne7 7. Qd2 Nbc6 8. O-O-O O-O 9. f3 Nxd4 10. Bxd4 Nc6 11. Bxg7 Kxg7 12. Be2 Be6 13. Kb1 a6 14. g4 Qh4 15. Nd5 Rac8 16. Qc3+ f6 17. Bxa6 Bxd5 18. exd5 Nd8 19. Bd3 Nf7 20. Qe1 Qxe1 21. Rdxe1 Ne5 22. Rhf1 Nxd3 23. cxd3 Rce8 24. Re6 Ra8 25. Rc1 Rf7 26. b4 Ra3 27. Re3 Ra6 28. Kb2 Rb6 29. Kb3 c5 30. dxc6 bxc6 31. d4 Rfb7 32. a3 Kf7 33. Ka2 Ra7 34. Rcc3 Rxb4 35. Red3 Rb6 36. Re3 Ra4 37. Red3 Ke6 38. Rb3 Rba6 39. Kb2 Kd5 40. Rb4 Rxb4+ 41. axb4 Kc4 42. Rd1 Kxb4 43. Rc1 c5 44. dxc5 dxc5 45. Rc3 Ra2+ 0-1

[Event "CAN-ch w"]
[Site "Toronto CAN"]
[Date "2025.04.20"]
[Round "6.10"]
[White "Xie, Irene"]
[Black "Wangluo, Joanne"]
[Result "1-0"]
[WhiteElo "1949"]
[BlackElo "1541"]
[WhiteFideId "-1"]
[WhiteFideId "-1"]
[PlyCount "105"]
[GameId "2171715876970026"]
[EventDate "2025.04.17"]
[EventType "swiss"]
[EventRounds "9"]
[EventCountry "CAN"]

1. e4 c5 2. Nf3 e6 3. g3 a6 4. Bg2 b5 5. O-O Bb7 6. Re1 d6 7. b3 Be7 8. Bb2 Nf6 9. d3 O-O 10. Nbd2 Qc7 11. Qe2 Nbd7 12. Kh1 Rfe8 13. Ng1 Kh8 14. f4 d5 15. Ngf3 Ng8 16. Ng5 Bxg5 17. fxg5 Ne7 18. Rf1 Rf8 19. Rf2 Ng6 20. Raf1 Nge5 21. Qh5 Rad8 22. g6 Nxg6 23. Rxf7 d4 24. Rxf8+ Rxf8 25. Nf3 Nf6 26. Qg5 e5 27. h4 Re8 28. h5 Nf8 29. h6 Ng6 30. hxg7+ Qxg7 31. Nxe5 Nxe5 32. Qxf6 Qxf6 33. Rxf6 Kg7 34. Rb6 Bc8 35. b4 cxb4 36. Bxd4 Kf7 37. Bxe5 Rxe5 38. d4 Re7 39. e5 Rc7 40. Be4 Ke8 41. Rc6 Rxc6 42. Bxc6+ Ke7 43. Be4 h6 44. Kg2 Bd7 45. Kf3 a5 46. d5 Be8 47. Ke3 Kd7 48. Kd4 Kc7 49. Kc5 Kd8 50. d6 Bd7 51. Kd5 a4 52. e6 Bc8 53. e7+ 1-0

[Event "CAN-ch w"]
[Site "Toronto CAN"]
[Date "2025.04.20"]
[Round "6.11"]
[White "Cloutier, Annabelle"]
[Black "Cabrera, Jennie"]
[Result "1/2-1/2"]
[WhiteElo "1401"]
[BlackElo "1885"]
[WhiteFideId "-1"]
[WhiteFideId "-1"]
[PlyCount "68"]
[GameId "2171717821189682"]
[EventDate "2025.04.17"]
[EventType "swiss"]
[EventRounds "9"]
[EventCountry "CAN"]

1. Nf3 d5 2. c4 e6 3. d4 Nf6 4. g3 Bb4+ 5. Bd2 Bxd2+ 6. Nbxd2 O-O 7. Bg2 Ne4 8. cxd5 exd5 9. Nxe4 dxe4 10. Ne5 Qe7 11. Bxe4 c6 12. Bg2 Rd8 13. O-O Qb4 14. Qb3 Qxb3 15. axb3 Be6 16. e3 Bxb3 17. Ra3 Bd5 18. Rfa1 a6 19. Bxd5 Rxd5 20. Rb3 Nd7 21. Rxb7 Nxe5 22. dxe5 a5 23. b4 Kf8 24. bxa5 Raxa5 25. Rxa5 Rxa5 26. Rc7 Rc5 27. Kf1 Rxe5 28. Rxc6 Ke7 29. Ke2 Ra5 30. h4 Ra2+ 31. Kf3 Ra3 32. Kf4 Ra5 33. e4 h6 34. Rb6 Rc5 1/2-1/2

[Event "CAN-ch w"]
[Site "Toronto CAN"]
[Date "2025.04.20"]
[Round "6.12"]
[White "Fiset, Anais Chloe"]
[Black "Fu, Ashley"]
[Result "1-0"]
[WhiteElo "1808"]
[BlackElo "1535"]
[WhiteFideId "-1"]
[WhiteFideId "-1"]
[PlyCount "69"]
[GameId "2171722593050170"]
[EventDate "2025.04.17"]
[EventType "swiss"]
[EventRounds "9"]
[EventCountry "CAN"]

1. e4 c5 2. Nf3 Nc6 3. Bb5 d6 4. O-O e5 5. c3 Bg4 6. Re1 Qb6 7. Bc4 Nf6 8. a4 Rd8 9. d3 Qc7 10. Bg5 Be7 11. Nbd2 O-O 12. Nf1 d5 13. exd5 Nxd5 14. Bxe7 Ndxe7 15. Ng3 Nf5 16. h3 Bxf3 17. Qxf3 Nfe7 18. Ne4 b6 19. Ng5 Nc8 20. Qe4 g6 21. Qh4 h5 22. g4 Kg7 23. Bxf7 Qe7 24. Bb3 Rd6 25. gxh5 gxh5 26. Kh1 Rf4 27. Qg3 Rg6 28. Rg1 Qf6 29. Ne6+ Kh6 30. Qe3 Qh4 31. Rxg6+ Kxg6 32. Nxf4+ exf4 33. Qe4+ Kg7 34. Rg1+ Kf6 35. Rg6# 1-0

[Event "CAN-ch w"]
[Site "Toronto CAN"]
[Date "2025.04.20"]
[Round "6.13"]
[White "Guan, Marie"]
[Black "Zhou, Lily"]
[Result "1/2-1/2"]
[WhiteElo "1549"]
[BlackElo "1765"]
[WhiteFideId "-1"]
[WhiteFideId "-1"]
[PlyCount "82"]
[GameId "2171724897082946"]
[EventDate "2025.04.17"]
[EventType "swiss"]
[EventRounds "9"]
[EventCountry "CAN"]

1. e4 c5 2. Nc3 Nc6 3. f4 g6 4. Nf3 Bg7 5. Bb5 d6 6. O-O e6 7. d3 Nge7 8. Qe1 O-O 9. Qh4 a6 10. Bxc6 Nxc6 11. Qh3 d5 12. g4 Nd4 13. Nxd4 Bxd4+ 14. Kh1 Bg7 15. f5 dxe4 16. dxe4 exf5 17. gxf5 b5 18. Bh6 f6 19. Bxg7 Kxg7 20. Qg3 Bb7 21. Rg1 Qe8 22. Qc7+ Rf7 23. Qf4 b4 24. fxg6 hxg6 25. Rxg6+ Kf8 26. Nd5 Bxd5 27. exd5 Qe5 28. Qxe5 fxe5 29. Re1 Re8 30. Kg2 Rg7 31. Rxg7 Kxg7 32. Kf3 Kf6 33. Ke4 Ke7 34. Rg1 Rh8 35. Rg2 Rh5 36. Rf2 a5 37. h3 Rxh3 38. Kxe5 Rh5+ 39. Ke4 Rh4+ 40. Rf4 Rh2 41. Kd3 Kd6 1/2-1/2

[Event "CAN-ch w"]
[Site "Toronto CAN"]
[Date "2025.04.20"]
[Round "6.14"]
[White "Sreekumar, Gauri"]
[Black "Dolderman, Clara"]
[Result "1-0"]
[WhiteElo "1674"]
[BlackElo "1474"]
[WhiteFideId "-1"]
[WhiteFideId "-1"]
[PlyCount "111"]
[GameId "2171727102037578"]
[EventDate "2025.04.17"]
[EventType "swiss"]
[EventRounds "9"]
[EventCountry "CAN"]

1. d4 d5 2. c4 e6 3. Nf3 Nf6 4. g3 c5 5. cxd5 exd5 6. Bg2 Nc6 7. O-O cxd4 8. Nxd4 Bc5 9. Nb3 Bb6 10. Nc3 O-O 11. Nxd5 Nxd5 12. Qxd5 Qf6 13. Qf3 Qe5 14. Bd2 Nd4 15. Nxd4 Bxd4 16. Bc3 Bxc3 17. Qxc3 Qxe2 18. Rfe1 Qb5 19. Re5 Qb6 20. a4 Rb8 21. a5 Qd8 22. Rd5 Qe7 23. Re1 Be6 24. Bh3 Rbc8 25. Qd2 Rfd8 26. Bxe6 fxe6 27. Rxe6 Qxe6 28. Rxd8+ Rxd8 29. Qxd8+ Kf7 30. Qc7+ Qe7 31. Qxe7+ Kxe7 32. Kg2 Kd6 33. f4 Kc5 34. g4 h6 35. Kf3 Kd4 36. h4 b5 37. axb6 axb6 38. g5 h5 39. f5 Ke5 40. f6 gxf6 41. g6 Ke6 42. Kf4 b5 43. b4 f5 44. g7 Kf7 45. Kxf5 Kxg7 46. Kg5 Kh7 47. Kxh5 Kg7 48. Kg5 Kh7 49. Kf5 Kh6 50. Ke5 Kh5 51. Kd6 Kxh4 52. Kc5 Kg5 53. Kxb5 Kf6 54. Kc6 Ke7 55. Kc7 Ke6 56. b5 1-0

[Event "CAN-ch w"]
[Site "Toronto CAN"]
[Date "2025.04.20"]
[Round "6.15"]
[White "Wang, Angela"]
[Black "Li, Alyssa"]
[Result "1-0"]
[WhiteElo "1551"]
[BlackElo "1464"]
[WhiteFideId "-1"]
[WhiteFideId "-1"]
[PlyCount "125"]
[GameId "2171728781471314"]
[EventDate "2025.04.17"]
[EventType "swiss"]
[EventRounds "9"]
[EventCountry "CAN"]

1. Nf3 d6 2. d4 Nf6 3. g3 g6 4. Bg2 Bg7 5. O-O O-O 6. c4 Nbd7 7. Nc3 e5 8. Qc2 Re8 9. dxe5 Nxe5 10. Nxe5 Rxe5 11. Bf4 Re7 12. Rad1 Qe8 13. Rfe1 Rb8 14. Bg5 h6 15. Bxf6 Bxf6 16. Nd5 Re6 17. Nxc7 Qe7 18. Nxe6 Bxe6 19. Qd2 Rc8 20. Qxd6 Qxd6 21. Rxd6 Rxc4 22. b3 Rc2 23. a4 Bc3 24. Rb1 Rxe2 25. Bf3 Rc2 26. Bxb7 Bb4 27. Rc6 Bc5 28. Ra6 Bf5 29. Rd1 Rxf2 30. Kh1 Bg4 31. Re1 Bb4 32. Rc1 Bh3 33. Rxa7 Bc5 34. Ra8+ Kg7 35. Rd8 Be3 36. Re1 Rb2 37. Rd3 Bd2 38. Rd1 Ba5 39. Bd5 Rf2 40. Rd4 Bc7 41. R4d2 Rf6 42. Bg2 Bg4 43. Rf1 Rb6 44. Rd4 Be6 45. b4 Be5 46. Re4 Bc3 47. b5 Bd5 48. Re7 Be6 49. Rb7 Rxb7 50. Bxb7 Ba5 51. Rb1 Bb6 52. Kg2 Kf6 53. Rc1 Bf5 54. Rc6+ Ke7 55. Rxb6 Kd7 56. Bc6+ Kd8 57. a5 Kc7 58. Rb7+ Kc8 59. a6 Kd8 60. a7 Bc8 61. a8=Q f5 62. Rd7+ Ke8 63. Qxc8# 1-0

[Event "CAN-ch w"]
[Site "Toronto CAN"]
[Date "2025.04.20"]
[Round "6.16"]
[White "Guan, Isabelle"]
[Black "Butenko, Zlata"]
[Result "0-1"]
[WhiteElo "1454"]
[BlackElo "1764"]
[WhiteFideId "-1"]
[WhiteFideId "-1"]
[PlyCount "70"]
[GameId "2171746804387421"]
[EventDate "2025.04.17"]
[EventType "swiss"]
[EventRounds "9"]
[EventCountry "CAN"]

1. e4 e5 2. Nf3 Nc6 3. Bc4 Nf6 4. d3 Bc5 5. Nc3 d6 6. h3 Na5 7. Bb3 Bb6 8. Be3 c6 9. Ba4 Bxe3 10. fxe3 b5 11. Bb3 O-O 12. Qd2 Re8 13. O-O-O Nxb3+ 14. cxb3 a5 15. Rde1 Bd7 16. g4 a4 17. b4 c5 18. Ne2 Be6 19. Kb1 d5 20. Ng5 dxe4 21. Nxe6 Rxe6 22. Rd1 cxb4 23. Qxb4 exd3 24. Nc1 e4 25. Qd2 Qc7 26. a3 Rc8 27. Ka1 Rc6 28. Na2 Nd5 29. Rc1 Rc2 30. Rxc2 dxc2 31. Rc1 Qc5 32. Re1 Qc4 33. Rc1 Qd3 34. Qf2 Nxe3 35. g5 Qb3 0-1

[Event "CAN-ch w"]
[Site "Toronto CAN"]
[Date "2025.04.20"]
[Round "6.17"]
[White "Sherwood, Noelle"]
[Black "Auger, Anastasia"]
[Result "1/2-1/2"]
[WhiteElo "1664"]
[BlackElo "1618"]
[WhiteFideId "-1"]
[WhiteFideId "-1"]
[PlyCount "82"]
[GameId "2171748304207461"]
[EventDate "2025.04.17"]
[EventType "swiss"]
[EventRounds "9"]
[EventCountry "CAN"]

1. Nf3 Nf6 2. g3 d5 3. Bg2 Bf5 4. O-O e6 5. d3 Bd6 6. Nc3 c6 7. Re1 Bg4 8. Bg5 Bxf3 9. Bxf3 h6 10. Bd2 O-O 11. e4 Nbd7 12. Qc1 Qc7 13. d4 e5 14. Be3 dxe4 15. Nxe4 Nxe4 16. Bxe4 f5 17. Bg2 f4 18. Bd2 exd4 19. Be4 fxg3 20. hxg3 Ne5 21. Qd1 Rf6 22. f4 Nc4 23. b3 Nxd2 24. Qxd2 Qb6 25. Kg2 Bb4 26. Qd3 Bxe1 27. Rxe1 Qb4 28. Re2 Raf8 29. Qf3 Qa3 30. Qd3 Rd6 31. Bh7+ Kh8 32. Re7 Qb4 33. Re5 c5 34. Be4 b5 35. Qe2 c4 36. bxc4 bxc4 37. Bf5 Rdf6 38. Be4 Rd6 39. Bf5 Rdf6 40. Be4 Rd6 41. Bf5 Rdf6 1/2-1/2

[Event "CAN-ch w"]
[Site "Toronto CAN"]
[Date "2025.04.20"]
[Round "6.18"]
[White "Chen, Shuang"]
[Black "Malaviya, Bhakti"]
[Result "1-0"]
[WhiteElo "1723"]
[BlackElo "1486"]
[WhiteFideId "-1"]
[WhiteFideId "-1"]
[PlyCount "49"]
[GameId "2171752432361069"]
[EventDate "2025.04.17"]
[EventType "swiss"]
[EventRounds "9"]
[EventCountry "CAN"]

1. e4 c6 2. d4 d5 3. exd5 cxd5 4. Bf4 Nc6 5. c3 Qb6 6. Qb3 Qxb3 7. axb3 Bf5 8. Nd2 e6 9. Ngf3 Nf6 10. Bb5 Nd7 11. O-O Be7 12. Rfe1 O-O 13. c4 Bb4 14. Bxc6 bxc6 15. Ra6 c5 16. Rea1 cxd4 17. Nxd4 e5 18. Nxf5 exf4 19. Nf3 Bc5 20. cxd5 Nb6 21. d6 Rfd8 22. Rxa7 Rxa7 23. Rxa7 Nc8 24. Ra8 g6 25. Rxc8 1-0

[Event "CAN-ch w"]
[Site "Toronto CAN"]
[Date "2025.04.20"]
[Round "6.19"]
[White "Sreekumar, Gayathri"]
[Black "Hitchlock, Veronica"]
[Result "1/2-1/2"]
[WhiteElo "1485"]
[BlackElo "1644"]
[WhiteFideId "-1"]
[WhiteFideId "-1"]
[PlyCount "72"]
[GameId "2171754362297973"]
[EventDate "2025.04.17"]
[EventType "swiss"]
[EventRounds "9"]
[EventCountry "CAN"]

1. d4 Nf6 2. c4 g6 3. f3 Bg7 4. e4 d6 5. Be3 c6 6. Ne2 O-O 7. Nec3 a5 8. a4 e5 9. d5 cxd5 10. cxd5 Na6 11. Na3 Nc5 12. Rc1 Ne8 13. Ncb5 b6 14. Nc3 f5 15. Bb5 fxe4 16. Nxe4 Nxe4 17. fxe4 Qh4+ 18. Kd2 Qxe4 19. Qe2 Qxd5+ 20. Ke1 Qe4 21. Bc6 Qh4+ 22. g3 Qb4+ 23. Bd2 Ba6 24. Bxb4 Bxe2 25. Bxa5 Rxa5 26. Kxe2 d5 27. b4 Ra7 28. Bxd5+ Kh8 29. Bb3 Nd6 30. Rhf1 Nf5 31. Nb5 Re7 32. Rce1 e4 33. g4 Nd4+ 34. Nxd4 Rxf1 35. Rxf1 Bxd4 36. Rd1 Bc3 1/2-1/2

[Event "CAN-ch w"]
[Site "Toronto CAN"]
[Date "2025.04.20"]
[Round "6.20"]
[White "Kamath, Nikita"]
[Black "Yuan, Arianna"]
[Result "0-1"]
[WhiteElo "1607"]
[BlackElo "1421"]
[WhiteFideId "-1"]
[WhiteFideId "-1"]
[PlyCount "66"]
[GameId "2171942270177638"]
[EventDate "2025.04.17"]
[EventType "swiss"]
[EventRounds "9"]
[EventCountry "CAN"]

1. d4 d5 2. Bg5 Bf5 3. e3 h6 4. Bh4 Nf6 5. Bd3 Bd7 6. Nd2 e6 7. f4 Be7 8. Ngf3 Bc6 9. Ne5 Ne4 10. Bxe7 Qxe7 11. Nxe4 dxe4 12. Nxc6 Nxc6 13. Bxe4 Qb4+ 14. Qd2 Qxb2 15. O-O Qa3 16. Rfb1 Qd6 17. Rxb7 O-O 18. Rab1 e5 19. Bxc6 Qxc6 20. fxe5 Qc4 21. c3 a5 22. R1b5 c6 23. Rc5 Qe6 24. c4 Rab8 25. Qb2 Rxb7 26. Qxb7 Qg4 27. Qb2 f6 28. Qc1 fxe5 29. Rxe5 Qe2 30. g4 Rf2 31. Rh5 Rg2+ 32. Kh1 Rf2 33. Rh4 Rf1+ 0-1

[Event "CAN-ch w"]
[Site "Toronto CAN"]
[Date "2025.04.20"]
[Round "6.21"]
[White "Geillon-Barral, Roween"]
[Black "Yeung, Marissa"]
[Result "1/2-1/2"]
[WhiteElo "1448"]
[BlackElo "1413"]
[WhiteFideId "-1"]
[WhiteFideId "-1"]
[PlyCount "127"]
[GameId "2171944413258094"]
[EventDate "2025.04.17"]
[EventType "swiss"]
[EventRounds "9"]
[EventCountry "CAN"]

1. e4 e5 2. Nf3 Nc6 3. Bc4 Bc5 4. d3 Nf6 5. Nc3 d6 6. h3 Be6 7. Bb3 h6 8. O-O g5 9. Nh2 Rg8 10. Bxe6 fxe6 11. Ng4 Rg6 12. Na4 Bb6 13. Be3 Qe7 14. Qf3 Kd7 15. Nxb6+ axb6 16. c3 Rh8 17. Nxf6+ Rxf6 18. Qh5 Rg8 19. a4 Rfg6 20. g3 Qg7 21. Qf3 g4 22. hxg4 Rxg4 23. Rfe1 Rf8 24. Qh1 h5 25. Kf1 Rxg3 26. Ke2 Qg4+ 27. Kd2 Rh3 28. Qg1 Rg8 29. b4 h4 30. Rab1 Rf3 31. Qxg4 Rxg4 32. Rh1 d5 33. exd5 exd5 34. Ke2 Rf5 35. Rh2 d4 36. Bd2 dxc3 37. Bxc3 e4 38. dxe4 Rxe4+ 39. Kd3 Ref4 40. Ke2 Nd4+ 41. Bxd4 Rxd4 42. Ke3 Rff4 43. a5 Rxb4 44. Rd1+ Kc8 45. axb6 Rbe4+ 46. Kd2 Rd4+ 47. Kc2 Rc4+ 48. Kd2 Rcd4+ 49. Kc2 Rxd1 50. Kxd1 c5 51. Kc2 Kd7 52. Kd3 Kc6 53. Ke3 Ra4 54. f4 Kxb6 55. Rxh4 c4 56. f5 Kc5 57. Rf4 Ra3+ 58. Kd2 c3+ 59. Kc2 Kd6 60. f6 Ra8 61. Kxc3 Rf8 62. Kb4 Rf7 63. Kb5 Ke6 64. Kb6 1/2-1/2

[Event "CAN-ch w"]
[Site "Toronto CAN"]
[Date "2025.04.20"]
[Round "6.22"]
[White "Divadalage, Sanya"]
[Black "Manikandan Reddia Gowder, Kavira"]
[Result "1/2-1/2"]
[WhiteElo "1424"]
[BlackElo "1450"]
[WhiteFideId "-1"]
[WhiteFideId "-1"]
[PlyCount "60"]
[GameId "2171946594144630"]
[EventDate "2025.04.17"]
[EventType "swiss"]
[EventRounds "9"]
[EventCountry "CAN"]

1. c4 c5 2. Nc3 Nc6 3. g3 g6 4. Bg2 Bg7 5. e4 e5 6. Nge2 Nge7 7. O-O O-O 8. h3 d6 9. f4 f5 10. d3 Be6 11. exf5 gxf5 12. Be3 b6 13. Nd5 Rc8 14. Nec3 Qd7 15. Qh5 Ng6 16. Bf3 Rf7 17. g4 fxg4 18. Bxg4 Bxg4 19. hxg4 exf4 20. Nxf4 Nce5 21. g5 Qg4+ 22. Qxg4 Nxg4 23. Bd2 N6e5 24. Nb5 Rd8 25. Bc3 Rdd7 26. Ne6 Rxf1+ 27. Rxf1 d5 28. Bxe5 Nxe5 29. cxd5 Rxd5 30. Nxa7 Rxd3 1/2-1/2

[Event "CAN-ch w"]
[Site "Toronto CAN"]
[Date "2025.04.21"]
[Round "7.1"]
[White "Qian, Ashley"]
[Black "Demchenko, Svitlana"]
[Result "0-1"]
[WhiteElo "1943"]
[BlackElo "2130"]
[WhiteFideId "-1"]
[WhiteFideId "-1"]
[PlyCount "114"]
[GameId "2170886505780725"]
[EventDate "2025.04.17"]
[EventType "swiss"]
[EventRounds "9"]
[EventCountry "CAN"]

1. e4 c5 2. Nf3 d6 3. d4 cxd4 4. Nxd4 Nf6 5. Nc3 Nc6 6. Bg5 Bd7 7. f3 Qa5 8. Be3 g6 9. Qd2 Bg7 10. O-O-O Rc8 11. Kb1 a6 12. g4 h6 13. h4 b5 14. Nxc6 Rxc6 15. Bd4 Kf8 16. e5 Ne8 17. exd6 Rxd6 18. Bxg7+ Kxg7 19. Bd3 Be6 20. b3 Rc6 21. Ne2 Qxd2 22. Rxd2 Rd6 23. Rhd1 Nf6 24. Nf4 Bc8 25. c4 e5 26. Ne2 Bb7 27. Ng1 e4 28. Bxe4 Rxd2 29. Rxd2 Nxe4 30. fxe4 Bxe4+ 31. Kb2 bxc4 32. bxc4 Rb8+ 33. Kc3 Rb1 34. Ne2 Rh1 35. g5 Rxh4 36. gxh6+ Rxh6 37. Kb4 Rh2 38. Kc3 Kf6 39. a4 Ke5 40. a5 f5 41. c5 g5 42. Nc1 Rxd2 43. Kxd2 Kd4 44. Ne2+ Kxc5 45. Ng3 Kb4 46. Nxe4 fxe4 47. Ke3 Kxa5 48. Kxe4 Kb4 49. Kf5 a5 50. Kxg5 a4 51. Kf4 a3 52. Ke4 a2 53. Kd3 a1=Q 54. Kc2 Qc3+ 55. Kb1 Qd2 56. Ka1 Kb3 57. Kb1 Qd1# 0-1

[Event "CAN-ch w"]
[Site "Toronto CAN"]
[Date "2025.04.21"]
[Round "7.2"]
[White "Mills, Morgen"]
[Black "Li, Yunshan"]
[Result "1-0"]
[WhiteElo "2013"]
[BlackElo "2233"]
[WhiteFideId "-1"]
[WhiteFideId "-1"]
[PlyCount "159"]
[GameId "2170886505780726"]
[EventDate "2025.04.17"]
[EventType "swiss"]
[EventRounds "9"]
[EventCountry "CAN"]

1. e4 c5 2. Nf3 e6 3. d4 cxd4 4. Nxd4 Nc6 5. Nc3 Qc7 6. Be3 a6 7. Qd2 Nf6 8. f3 Bb4 9. a3 Be7 10. g4 h6 11. h4 b5 12. Rg1 Bb7 13. Nxc6 Bxc6 14. Qd4 Rd8 15. g5 hxg5 16. hxg5 Nh5 17. O-O-O e5 18. Qb6 Qxb6 19. Bxb6 Rc8 20. Nd5 Bd8 21. Be3 g6 22. Rh1 Kf8 23. Nb4 Kg7 24. Nxa6 Nf4 25. Rxh8 Kxh8 26. Nc5 Rc7 27. Nd3 Nxd3+ 28. Rxd3 Be7 29. Rb3 Rb7 30. Kd2 Kg7 31. c4 b4 32. c5 d5 33. exd5 Bxd5 34. Rxb4 Rd7 35. Ke2 f5 36. gxf6+ Bxf6 37. Bh3 Rd8 38. Bg4 Rh8 39. Kd3 Rd8 40. Kc2 Rh8 41. Rb6 e4 42. fxe4 Bxe4+ 43. Kc1 Rh1+ 44. Bd1 g5 45. Rd6 Kf7 46. c6 Be5 47. c7 Bb7 48. Rd8 Kg6 49. c8=Q Bxc8 50. Rxc8 Kf5 51. Rf8+ Ke4 52. Bxg5 Bd4 53. Rf4+ Kd3 54. Rf3+ Ke4 55. Rg3 Bf2 56. Rg2 Bd4 57. Kc2 Rh7 58. Kb3 Rb7+ 59. Ka2 Rb8 60. Be7 Kd3 61. Bb4 Be5 62. Bc2+ Ke3 63. Rg4 Bh8 64. Re4+ Kf3 65. Rf4+ Ke3 66. Rf8 Rxf8 67. Bxf8 Kd4 68. b4 Kc4 69. Bd1 Kb5 70. Kb3 Be5 71. a4+ Kb6 72. Bc5+ Kb7 73. Bf3+ Ka6 74. Kc4 Bc7 75. b5+ Ka5 76. Bb4+ Kb6 77. a5+ Ka7 78. Bc5+ Kb8 79. b6 Bf4 80. a6 1-0

[Event "CAN-ch w"]
[Site "Toronto CAN"]
[Date "2025.04.21"]
[Round "7.3"]
[White "Dela Torre, Marife"]
[Black "Qiao, Cindy"]
[Result "1/2-1/2"]
[WhiteElo "1789"]
[BlackElo "1896"]
[WhiteFideId "-1"]
[WhiteFideId "-1"]
[PlyCount "91"]
[GameId "2170886505780727"]
[EventDate "2025.04.17"]
[EventType "swiss"]
[EventRounds "9"]
[EventCountry "CAN"]

1. e4 d5 2. exd5 Qxd5 3. Nc3 Qd6 4. d4 Nf6 5. Nf3 c6 6. Ne5 Bf5 7. Bf4 Qd8 8. Qd2 e6 9. O-O-O Bb4 10. Qe3 Nbd7 11. Bg5 Bxc3 12. Qxc3 Ne4 13. Bxd8 Nxc3 14. bxc3 Rxd8 15. Nxd7 Rxd7 16. a4 O-O 17. Bc4 Rfd8 18. Bd3 Rd5 19. Kb2 c5 20. dxc5 Bxd3 21. Rxd3 Rxd3 22. cxd3 Rxd3 23. Kc2 Rd5 24. Rb1 Rxc5 25. Rxb7 g5 26. Rxa7 Rf5 27. Rd7 Rxf2+ 28. Rd2 Rf1 29. Kb3 f5 30. a5 Ra1 31. Ra2 Rb1+ 32. Kc4 f4 33. a6 Rb8 34. a7 Ra8 35. Kc5 Kf7 36. Kd6 Kf6 37. c4 e5 38. c5 e4 39. c6 e3 40. c7 g4 41. Kd7 e2 42. Ra6+ Kf5 43. Ra5+ Kf6 44. Ra6+ Kf5 45. Ra5+ Kf6 46. Ra6+ 1/2-1/2

[Event "CAN-ch w"]
[Site "Toronto CAN"]
[Date "2025.04.21"]
[Round "7.4"]
[White "Koop, Alison"]
[Black "Golubeva, Oksana"]
[Result "0-1"]
[WhiteElo "1633"]
[BlackElo "2132"]
[WhiteFideId "-1"]
[WhiteFideId "-1"]
[PlyCount "90"]
[GameId "2170886505780728"]
[EventDate "2025.04.17"]
[EventType "swiss"]
[EventRounds "9"]
[EventCountry "CAN"]

1. d4 d5 2. c4 e6 3. Nf3 Nf6 4. Nc3 Be7 5. Bf4 O-O 6. e3 a6 7. c5 Ne4 8. Bd3 f5 9. h3 b6 10. cxb6 cxb6 11. O-O Nd7 12. Rc1 Bf6 13. Qb3 Bb7 14. Bc7 Nec5 15. dxc5 Qxc7 16. cxb6 Qxb6 17. Qa3 Rac8 18. Na4 Qd8 19. b4 Qe7 20. Nc5 Nxc5 21. bxc5 Rc7 22. Rc2 Rfc8 23. Rfc1 g6 24. Nd2 Kg7 25. Nb3 Bc6 26. Qxa6 e5 27. Na5 Ba4 28. c6 e4 29. Bf1 Bxc2 30. Rxc2 d4 31. exd4 Bxd4 32. Rc4 Be5 33. Qb5 Ra7 34. Rc5 Bc7 35. Nb7 e3 36. Rd5 exf2+ 37. Kh1 Qe3 38. Qb2+ Kh6 39. Rd3 Qe5 40. Qd2+ Qf4 41. Qxf4+ Bxf4 42. Rf3 Be5 43. Rxf2 Rxc6 44. Re2 Rxb7 45. Rxe5 Rb1 0-1

[Event "CAN-ch w"]
[Site "Toronto CAN"]
[Date "2025.04.21"]
[Round "7.5"]
[White "Zhang, Michelle"]
[Black "Jiang, Hancy"]
[Result "1-0"]
[WhiteElo "1793"]
[BlackElo "1971"]
[WhiteFideId "-1"]
[WhiteFideId "-1"]
[PlyCount "59"]
[GameId "2170886505780729"]
[EventDate "2025.04.17"]
[EventType "swiss"]
[EventRounds "9"]
[EventCountry "CAN"]

1. e4 c6 2. d4 d5 3. exd5 cxd5 4. Bd3 Nc6 5. c3 Qc7 6. h3 g6 7. Nf3 Bf5 8. O-O Bxd3 9. Qxd3 Bg7 10. Re1 e6 11. Nbd2 Nf6 12. Nf1 Ne4 13. Ng5 Nxg5 14. Bxg5 O-O 15. Qd2 b5 16. Nh2 f6 17. Bf4 Qd7 18. Nf3 Rae8 19. Rad1 e5 20. dxe5 fxe5 21. Be3 e4 22. Nh2 Ne7 23. Bc5 Rf5 24. Rxe4 Be5 25. Ng4 Bg7 26. Rde1 Rf7 27. Re6 h5 28. Nh6+ Bxh6 29. Qxh6 Rh7 30. Qg5 1-0

[Event "CAN-ch w"]
[Site "Toronto CAN"]
[Date "2025.04.21"]
[Round "7.6"]
[White "Starr, Nava"]
[Black "Deepak, Laksshana"]
[Result "0-1"]
[WhiteElo "2048"]
[BlackElo "1854"]
[WhiteFideId "-1"]
[WhiteFideId "-1"]
[PlyCount "53"]
[GameId "2170886505821690"]
[EventDate "2025.04.17"]
[EventType "swiss"]
[EventRounds "9"]
[EventCountry "CAN"]

1. e4 e6 2. b3 d5 3. Bb2 a6 4. Nc3 d4 5. Nce2 c5 6. f4 Nc6 7. Nf3 Nf6 8. e5 Nd5 9. g3 Be7 10. Bg2 b6 11. O-O Bb7 12. c3 dxc3 13. Nxc3 Ndb4 14. Ne1 Qd4+ 15. Rf2 c4 16. Nf3 Qd8 17. Re2 Nd3 18. Qb1 Bc5+ 19. Kf1 Nd4 20. Nxd4 Qxd4 21. Re3 Nxf4 22. Bxb7 Qxd2 23. Qe1 Qxb2 24. Rb1 Qxh2 25. Bxa8 Qh3+ 26. Kg1 Nd3 27. Ne4 0-1

[Event "CAN-ch w"]
[Site "Toronto CAN"]
[Date "2025.04.21"]
[Round "7.7"]
[White "Fiset, Anais Chloe"]
[Black "Xie, Irene"]
[Result "0-1"]
[WhiteElo "1808"]
[BlackElo "1949"]
[WhiteFideId "-1"]
[WhiteFideId "-1"]
[PlyCount "90"]
[GameId "2171949691288389"]
[EventDate "2025.04.17"]
[EventType "swiss"]
[EventRounds "9"]
[EventCountry "CAN"]

1. e4 e6 2. d4 d5 3. Nd2 c5 4. exd5 Qxd5 5. Ngf3 cxd4 6. Bc4 Qd6 7. Ne4 Qb4+ 8. Nfd2 Nd7 9. O-O Ngf6 10. c3 dxc3 11. bxc3 Qa5 12. Bb3 Qc7 13. Ba4 Nd5 14. c4 N5b6 15. Bb2 Nxa4 16. Qxa4 b6 17. f4 Bb7 18. f5 Bc6 19. Qc2 e5 20. f6 gxf6 21. Rxf6 Nxf6 22. Nxf6+ Kd8 23. Qf5 Bc5+ 24. Kh1 Bd4 25. Bxd4 exd4 26. Nd5 Qd6 27. Qxf7 Bxd5 28. cxd5 Qe7 29. Qf4 Rf8 30. Qg3 Rc8 31. Re1 Qf6 32. h4 Qf4 33. Qh3 Rc3 34. Nf3 Rxf3 35. gxf3 Qxf3+ 36. Qxf3 Rxf3 37. Kg2 Ra3 38. Re2 Kd7 39. Rd2 Kd6 40. Rxd4 Rxa2+ 41. Kf3 Ra5 42. Ke4 b5 43. Kf5 Ra4 44. Ke4 Rxd4+ 45. Kxd4 h5 0-1

[Event "CAN-ch w"]
[Site "Toronto CAN"]
[Date "2025.04.21"]
[Round "7.8"]
[White "Sreekumar, Gauri"]
[Black "Ruchinskaya, Valerie"]
[Result "0-1"]
[WhiteElo "1674"]
[BlackElo "1880"]
[WhiteFideId "-1"]
[WhiteFideId "-1"]
[PlyCount "68"]
[GameId "2171951485754189"]
[EventDate "2025.04.17"]
[EventType "swiss"]
[EventRounds "9"]
[EventCountry "CAN"]

1. d4 Nf6 2. c4 e6 3. g3 d5 4. Bg2 Bb4+ 5. Bd2 Be7 6. Nf3 O-O 7. O-O c6 8. Qc2 Nbd7 9. Bf4 Nh5 10. Bc1 f5 11. Ne5 Nhf6 12. cxd5 cxd5 13. Bf4 Nxe5 14. Bxe5 Bd7 15. Nc3 Ng4 16. Rac1 Nxe5 17. dxe5 Kh8 18. Qb3 Bc6 19. Na4 Qa5 20. Nc3 g5 21. e3 Rae8 22. a3 f4 23. exf4 gxf4 24. Ne2 Bg5 25. gxf4 Bxf4 26. Nxf4 Rxf4 27. Kh1 Rg8 28. Qh3 Rfg4 29. Rg1 Qd2 30. Qf3 Rf4 31. Qe3 Rxf2 32. Qxd2 Rxd2 33. b4 a6 34. Rcd1 Rgxg2 0-1